| 000 | 00415nam a22001697a 4500 | ||
|---|---|---|---|
| 003 | MACL | ||
| 005 | 20160114171425.0 | ||
| 008 | 160114b xxu||||| |||| 00| 0 eng d | ||
| 040 | _cMACL | ||
| 041 | _aEnglish | ||
| 082 | _a741.642 | ||
| 100 |
_aKhatri,Vikas _932408 |
||
| 245 | _aGolden Tales and Panchatantra | ||
| 260 |
_aDelhi _bAncient Publication _c2011 |
||
| 650 |
_aChildren Book _932409 |
||
| 942 |
_2ddc _cBK |
||
| 999 |
_c52324 _d52324 |
||